Combien de ville de l'Ardèche (07) connais-tu ? - Statistiques

Statistiques générales
  • Ce quiz a été pris 29 fois
  • Le résultat moyen est 27 sur 335
Statistiques - réponses
Code postal Ville % Correct
7200 Aubenas
88%
7006 Privas
88%
7000 Annonay
68%
7131 Saint-Péray
44%
7301 Tournon-sur-Rhône
44%
7500 Guilherand-Granges
40%
7600 Vals-les-Bains
40%
7800 Charmes-sur-Rhône
36%
7210 Chomérac
36%
7270 Lamastre
36%
7120 Ruoms
36%
7220 Viviers
36%
7350 Cruas
32%
7110 Largentière
32%
7402 Teil
32%
7170 Villeneuve-de-Berg
32%
7150 Vallon-Pont-d'Arc
28%
7200 Vogüé
28%
7470 Coucouron
24%
7000 Coux
24%
7380 Jaujac
24%
7260 Joyeuse
24%
7200 Labégude
24%
7170 Mirabel
24%
7200 Saint-Privat
24%
7440 Alboussière
20%
7210 Baix
20%
7800 Beauchastel
20%
7570 Désaignes
20%
7170 Lavilledieu
20%
7170 Lussas
20%
7250 Pouzin
20%
7320 Saint-Agrève
20%
7800 Saint-Laurent-du-Pape
20%
7200 Saint-Sernin
20%
7130 Soyons
20%
7240 Vernoux-en-Vivarais
20%
7800 Voulte-sur-Rhône
20%
7400 Alba-la-Romaine
16%
7700 Bourg-Saint-Andéol
16%
7430 Davézieux
16%
7320 Mars
16%
7400 Meysse
16%
7340 Peaugres
16%
7000 Pranles
16%
7510 Saint-Cirgues-en-Montagne
16%
7410 Saint-Félicien
16%
7190 Saint-Pierreville
16%
7220 Saint-Thomé
16%
7240 Silhac
16%
7210 Alissas
12%
7310 Arcens
12%
7460 Banne
12%
7440 Boffres
12%
7450 Burzet
12%
7120 Chauzon
12%
7320 Devesset
12%
7230 Lablachère
12%
7530 Lachamp-Raphaël
12%
7200 Lachapelle-sous-Aubenas
12%
7660 Lanarce
12%
7220 Larnas
12%
7330 Mayres
12%
7380 Meyras
12%
7530 Mézilhac
12%
7560 Montpezat-sous-Bauzon
12%
7110 Montréal
12%
7380 Prades
12%
7400 Rochemaure
12%
7200 Saint-Étienne-de-Fontbellon
12%
7360 Saint-Fortunat-sur-Eyrieux
12%
7800 Saint-Georges-les-Bains
12%
7300 Saint-Jean-de-Muzols
12%
7700 Saint-Martin-d'Ardèche
12%
7310 Saint-Martin-de-Valamas
12%
7000 Saint-Priest
12%
7190 Saint-Sauveur-de-Montagut
12%
7210 Saint-Vincent-de-Barrès
12%
7370 Sarras
12%
7330 Thueyts
12%
7130 Toulaud
12%
7140 Vans
12%
7200 Vesseaux
12%
7110 Vinezac
12%
7340 Andance
8%
7120 Balazuc
8%
7310 Borée
8%
7340 Champagne
8%
7440 Champis
8%
7110 Chassiers
8%
7130 Châteaubourg
8%
7240 Châteauneuf-de-Vernoux
8%
7110 Chazeaux
8%
7160 Cheylard
8%
7130 Cornas
8%
7510 Cros-de-Géorand
8%
7370 Eclassan
8%
7380 Fabras
8%
7340 Félines
8%
7000 Flaviac
8%
7000 Freyssenet
8%
7000 Gourdon
8%
7700 Gras
8%
7160 Jaunac
8%
7110 Joannas
8%
7470 Lac-d'Issarlès
8%
7150 Lagorce
8%
7380 Lalevade-d'Ardèche
8%
7200 Lanas
8%
7000 Pourchères
8%
7120 Pradons
8%
7260 Ribes
8%
7210 Rochessauve
8%
7100 Roiffieux
8%
7260 Rosières
8%
7240 Saint-Apollinaire-de-Rias
8%
7210 Saint-Bauzile
8%
7800 Saint-Cierge-la-Serre
8%
7310 Saint-Clément
8%
7510 Sainte-Eulalie
8%
7200 Saint-Étienne-de-Boulogne
8%
7190 Saint-Étienne-de-Serre
8%
7580 Saint-Jean-le-Centenier
8%
7190 Saint-Julien-du-Gua
8%
7000 Saint-Julien-en-Saint-Alban
8%
7240 Saint-Julien-le-Roux
8%
7210 Saint-Lager-Bressac
8%
7100 Saint-Marcel-lès-Annonay
8%
7310 Saint-Martial
8%
7200 Saint-Michel-de-Boulogne
8%
7220 Saint-Montan
8%
7270 Saint-Prix
8%
7700 Saint-Remèze
8%
7210 Saint-Symphorien-sous-Chomérac
8%
7410 Saint-Victor
8%
7290 Satillieu
8%
7200 Ucel
8%
7110 Uzer
8%
7110 Valgorge
8%
7000 Veyras
8%
7690 Villevocance
8%
7690 Vocance
8%
7160 Accons
4%
7200 Ailhon
4%
7000 Ajoux
4%
7290 Ardoix
4%
7410 Arlebosc
4%
7370 Arras-sur-Rhône
4%
7140 Assions
4%
7330 Astet
4%
7630 Béage
4%
7460 Beaulieu
4%
7190 Beauvène
4%
7160 Belsentes
4%
7580 Berzème
4%
7700 Bidon
4%
7340 Bogy
4%
7590 Borne
4%
7410 Bozas
4%
7240 Chalencon
4%
7300 Cheminas
4%
7430 Colombier-le-Cardinal
4%
7270 Colombier-le-Jeune
4%
7410 Colombier-le-Vieux
4%
7000 Creysseilles
4%
7170 Darbres
4%
7160 Dornas
4%
7360 Dunière-sur-Eyrieux
4%
7270 Empurany
4%
7300 Étables
4%
7230 Faugères
4%
7190 Gluiras
4%
7300 Glun
4%
7120 Grospierres
4%
7190 Issamoulenc
4%
7470 Issarlès
4%
7150 Labastide-de-Virac
4%
7120 Labeaume
4%
7520 Lafarre
4%
7520 Lalouvesc
4%
7110 Laurac-en-Vivarais
4%
7530 Laviolle
4%
7610 Lemps
4%
7200 Lentillères
4%
7340 Limony
4%
7110 Loubaresse
4%
7000 Lyas
4%
7190 Marcols-les-Eaux
4%
7160 Mariac
4%
7300 Mauves
4%
7200 Mercuer
4%
7690 Monestier
4%
7270 Nozières
4%
7360 Ollières-sur-Eyrieux
4%
7150 Orgnac-l'Aven
4%
7410 Pailharès
4%
7230 Payzac
4%
7380 Pont-de-Labeaume
4%
7290 Quintenas
4%
7200 Rochecolombe
4%
7320 Rochepaule
4%
7310 Rochette
4%
7250 Rompon
4%
7120 Saint-Alban-Auriolles
4%
7790 Saint-Alban-d'Ay
4%
7600 Saint-Andéol-de-Vals
4%
7300 Saint-Barthélemy-le-Plain
4%
7270 Saint-Basile
4%
7160 Saint-Christol
4%
7430 Saint-Clair
4%
7430 Saint-Cyr
4%
7340 Saint-Désirat
4%
7170 Saint-Germain
4%
7580 Saint-Gineys-en-Coiron
4%
7240 Saint-Jean-Chambre
4%
7160 Saint-Jean-Roure
4%
7290 Saint-Jeure-d'Ay
4%
7690 Saint-Julien-Vocance
4%
7700 Saint-Just-d'Ardèche
4%
7170 Saint-Laurent-sous-Coiron
4%
7700 Saint-Marcel-d'Ardèche
4%
7400 Saint-Martin-sur-Lavezon
4%
7200 Saint-Maurice-d'Ardèche
4%
7360 Saint-Michel-de-Chabrillanoux
4%
7400 Saint-Pierre-la-Roche
4%
7580 Saint-Pons
4%
7290 Saint-Romain-d'Ay
4%
7130 Saint-Romain-de-Lerps
4%
7440 Saint-Sylvestre
4%
7360 Saint-Vincent-de-Durfort
4%
7150 Salavas
4%
7120 Sampzon
4%
7110 Sanilhac
4%
7400 Sceautres
4%
7610 Sécheras
4%
7340 Serrières
4%
7340 Talencieux
4%
7110 Tauriers
4%
7150 Vagnas
4%
7400 Valvignères
4%
7690 Vanosc
4%
7260 Vernon
4%
7430 Vernosc-lès-Annonay
4%
7340 Vinzieux
4%
7530 Aizac
0%
7190 Albon-d'Ardèche
0%
7400 Aubignas
0%
7330 Barnas
0%
7110 Beaumont
0%
7460 Berrias-et-Casteljau
0%
7150 Bessas
0%
7270 Boucieu-le-Roi
0%
7100 Boulieu-lès-Annonay
0%
7340 Brossainc
0%
7590 Cellier-du-Luc
0%
7160 Chambon
0%
7140 Chambonas
0%
7230 Chandolas
0%
7310 Chanéac
0%
7340 Charnas
0%
7380 Chirols
0%
7270 Crestet
0%
7260 Dompnac
0%
7200 Fons
0%
7530 Genestelle
0%
7800 Gilhac-et-Bruzac
0%
7270 Gilhoc-sur-Ormèze
0%
7140 Gravières
0%
7660 Issanlas
0%
7600 Juvinas
0%
7600 Labastide-sur-Bésorgues
0%
7570 Labatie-d'Andaure
0%
7110 Laboule
0%
7470 Lachapelle-Graillouse
0%
7310 Lachapelle-sous-Chanéac
0%
48250 Laveyrune
0%
7660 Lavillatte
0%
7660 Lespéron
0%
7140 Malarce-sur-la-Thines
0%
7140 Malbosc
0%
7510 Mazan-l'Abbaye
0%
7140 Montselgues
0%
7370 Ozon
0%
7450 Péreyres
0%
7340 Peyraud
0%
7590 Plagnal
0%
7230 Planzolles
0%
7300 Plats
0%
7290 Préaux
0%
7110 Prunet
0%
7110 Rocher
0%
7110 Rocles
0%
7560 Roux
0%
7260 Sablières
0%
7450 Sagnes-et-Goudoulet
0%
7590 Saint-Alban-en-Montagne
0%
7170 Saint-Andéol-de-Berg
0%
7160 Saint-Andéol-de-Fourchades
0%
7460 Saint-André-de-Cruzières
0%
7690 Saint-André-en-Vivarais
0%
7230 Saint-André-Lachamp
0%
7270 Saint-Barthélemy-Grozon
0%
7160 Saint-Barthélemy-le-Meil
0%
7160 Saint-Cierge-sous-le-Cheylard
0%
7380 Saint-Cirgues-de-Prades
0%
7200 Saint-Didier-sous-Aubenas
0%
7140 Sainte-Marguerite-Lafigère
0%
7590 Saint-Étienne-de-Lugdarès
0%
7340 Saint-Étienne-de-Valoux
0%
7230 Saint-Genest-de-Beauzon
0%
7190 Saint-Genest-Lachamp
0%
7340 Saint-Jacques-d'Atticieux
0%
7320 Saint-Jeure-d'Andaure
0%
7530 Saint-Joseph-des-Bancs
0%
7310 Saint-Julien-d'Intres
0%
7200 Saint-Julien-du-Serre
0%
7590 Saint-Laurent-les-Bains-Laval-d'Aurelle
0%
7170 Saint-Maurice-d'Ibie
0%
7190 Saint-Maurice-en-Chalencon
0%
7260 Saint-Mélany
0%
7160 Saint-Michel-d'Aurance
0%
7460 Saint-Paul-le-Jeune
0%
7450 Saint-Pierre-de-Colombier
0%
7140 Saint-Pierre-Saint-Jean
0%
7520 Saint-Pierre-sur-Doux
0%
7460 Saint-Sauveur-de-Cruzières
0%
7290 Saint-Symphorien-de-Mahun
0%
7140 Salelles
0%
7430 Savas
0%
7380 Souche
0%
7340 Thorrenc
0%
7510 Usclades-et-Rieutord
0%
7530 Vallées-d'Antraigues-Asperjoc
0%
7410 Vaudevant
0%
7610 Vion
0%
Aucun quiz correspondant
Distribution des résultats
% des personnes avec chaque résultat
Percentile par nombre de réponses
Votre historique - résultats
Vous n’avez pas pris ce quiz